5HLuxD.jpg

KING HENRY VIII SENIOR AND PRIMARY SCHOOL LIBRARY OPAC

National Geographic 125 years : (Record no. 259)

000 -LEADER
fixed length control field 03304cam a22003134a 4500
001 - CONTROL NUMBER
control field 17388468
003 - CONTROL NUMBER IDENTIFIER
control field OSt
005 - DATE AND TIME OF LATEST TRANSACTION
control field 20190802145606.0
008 - FIXED-LENGTH DATA ELEMENTS--GENERAL INFORMATION
fixed length control field 120716s2012 dcuab 000 0 eng
010 ## - LIBRARY OF CONGRESS CONTROL NUMBER
LC control number 2012024943
020 ## - INTERNATIONAL STANDARD BOOK NUMBER
International Standard Book Number 9781426209574 (hardback)
040 ## - CATALOGING SOURCE
Original cataloging agency DLC
Transcribing agency DLC
Modifying agency DLC
042 ## - AUTHENTICATION CODE
Authentication code pcc
043 ## - GEOGRAPHIC AREA CODE
Geographic area code n-us---
082 00 - DEWEY DECIMAL CLASSIFICATION NUMBER
Classification number 910.607 JEN
Edition number 23
100 1# - MAIN ENTRY--PERSONAL NAME
Personal name Jenkins, Mark Collins.
245 10 - TITLE STATEMENT
Title National Geographic 125 years :
Remainder of title legendary photographs, adventures, and discoveries that changed the world /
Statement of responsibility, etc. by Mark Collins Jenkins.
260 ## - PUBLICATION, DISTRIBUTION, ETC.
Place of publication, distribution, etc. Washington, D.C. :
Name of publisher, distributor, etc. National Geographic,
Date of publication, distribution, etc. 2012.
300 ## - PHYSICAL DESCRIPTION
Extent 383 p. :
Other physical details ill. (some col.), col. maps ;
Dimensions 29 cm.
520 ## - SUMMARY, ETC.
Summary, etc. "Featuring show-stopping imagery and thrilling behind-the-scenes tales, National Geographic 125 Years captures the heart of National Geographic's fascinating history, from its earliest days as a scientific club to its growth into one of the world's largest geographic organizations. The book reveals how much we've come to know about our fascinating world through the pages and unforgettable imagery of National Geographic, and taps key voices from the forefront of ocean and space exploration, climate science, archaeology, mountaineering, and many other disciplines to peer with us over the horizon and see where we are heading in the future. Organized thematically, chapters focus on major accomplishments in each of the three realms of Earth, Sea, and Sky (featured on the National Geographic flag). Author Mark Collins Jenkins will present the subject matter chronologically, focusing on great leaps forward that dramatically changed our understanding of the planet, from summiting Everest to landing on the moon to discovering Titanic. Sidebars will feature famous names including Jared Diamond, Sylvia Earle, Buzz Aldrin, Bob Ballard, Jane Goodall and more, contributing thoughts about big questions of exploration, key frontiers in research, and enduring mysteries. We'll ask beloved characters like Zahi Hawass whether or not there's anything left to be discovered in the Valley of the Kings; Paul Sereno if we'll be able to create a dinosaur from DNA; Jared Diamond when society faces the next "collapse;" and many more questions designed to be relevant for many years to come. The focus throughout the book will be on the impact the National Geographic Society has made on the world and how it has reported and reflected a dramatically changing planet, not an insider's account of internal affairs. Special galleries between each of the sections will focus on storytelling techniques pioneered by National Geographic, including photography, television, and digital reportage. These will offer behind-the-scenes glimpses at the process of telling the greatest stories on earth"--
Assigning source Provided by publisher.
610 20 - SUBJECT ADDED ENTRY--CORPORATE NAME
Corporate name or jurisdiction name as entry element National Geographic Society (U.S.)
650 #7 - SUBJECT ADDED ENTRY--TOPICAL TERM
Topical term or geographic name entry element HISTORY / Expeditions & Discoveries.
Source of heading or term bisacsh
650 #7 - SUBJECT ADDED ENTRY--TOPICAL TERM
Topical term or geographic name entry element PHOTOGRAPHY / History.
Source of heading or term bisacsh
650 #7 - SUBJECT ADDED ENTRY--TOPICAL TERM
Topical term or geographic name entry element PHOTOGRAPHY / General.
Source of heading or term bisacsh
856 42 - ELECTRONIC LOCATION AND ACCESS
Materials specified Cover image
Uniform Resource Identifier <a href="978-1-4262-0957-4.jpg">978-1-4262-0957-4.jpg</a>
906 ## - LOCAL DATA ELEMENT F, LDF (RLIN)
a 7
b cbc
c orignew
d 1
e ecip
f 20
g y-gencatlg
942 ## - ADDED ENTRY ELEMENTS (KOHA)
Source of classification or shelving scheme
Koha item type Books - Non Ficton
Holdings
Withdrawn status Lost status Source of classification or shelving scheme Damaged status Not for loan Collection code Permanent Location Current Location Shelving location Date acquired Full call number Barcode Date last seen Price effective from Koha item type
          Non-Fiction KH8 Senior School Library KH8 Senior School Library Non Fiction 2019-08-02 910.607 JEN 3KHSL000100216 2019-08-02 2019-08-02 Books - Non Ficton

Powered By KH8 IT Dept